Natural rubber: An ecofriendly material (Record no. 51603)
[ view plain ]
| 000 -LEADER | |
|---|---|
| fixed length control field | 00395nam a2200157Ia 4500 |
| 100 ## - MAIN ENTRY--AUTHOR NAME | |
| Personal name | Jacob C.K. |
| 245 #0 - TITLE STATEMENT | |
| Title | Natural rubber: An ecofriendly material |
| 260 ## - PUBLICATION, DISTRIBUTION, ETC. (IMPRINT) | |
| Name of publisher | Planters' Chronicle |
| Year of publication | 1996 |
| 300 ## - PHYSICAL DESCRIPTION | |
| Number of Pages | 585-589 |
| 650 ## - SUBJECT ADDED ENTRY--TOPICAL TERM | |
| Topical Term | Ecofriendliness |
| 650 ## - SUBJECT ADDED ENTRY--TOPICAL TERM | |
| Topical Term | Natural rubber |
| 700 ## - ADDED ENTRY--PERSONAL NAME | |
| Personal name | Mathew N.M. |
| 700 ## - ADDED ENTRY--PERSONAL NAME | |
| Personal name | Thomas K.K. |
| 942 ## - ADDED ENTRY ELEMENTS (KOHA) | |
| Koha item type | Bibliography STAF |
| Withdrawn status | Lost status | Damaged status | Not for loan | Home library | Current library | Date acquired | Serial Enumeration / chronology | Koha item type |
|---|---|---|---|---|---|---|---|---|
| Bibliography | RRII Library | RRII Library | 09/04/2014 | Volume 12, Issue | Bibliography STAF |